00764 2200277 4500001002100000005001500021035002000036007000300056008004100059020002200100082001000122084001600132100002800148245006800176250001000244300002800254650001800282650002300300700002300323264004200346336002100388337003000409338002300439990001200462990001200474INLIS00000000000011920230713103821 a0010-0723000095ta230713 0  a978-602-234-002-7 a629.2 a629.2 BUD m0 aBudi MaryonoePengarang1 aMenggunakan Alat-Alat Ukur Teknik Body Otomotif /cBudi Maryono acet 1 a68 hlm :bilus ;c25 cm 4aAlat Pengukur 4aKendaraan Bermotor0 aArifinePenyunting aYogyakarta :bCitra Aji Parama,c2012 2rdacontentateks 2rdamediaatanpa perantara 2rdacarrieravolume a17.0173 a17.0174